Дело по предписаниям Конторы императорских санкт-петербургских театров по Большому театру

Доступно только в Электронных читальных залах Найти на картеНа карте
RUSMARC
00003736nmc2a22000003x 450
001127a8e69-565f-4256-a53b-d2b9d50d067a
00520181228010934.0
100##$a20170628l18471847k l0rusy0189 ca
1010#$arus
102##$aRU
2001#$aДело по предписаниям Конторы императорских санкт-петербургских театров по Большому театру
$j2 января - 31 декабря 1847 г.
251##$cДело
300##$aПо Санкт-Петербургской дирекции за 1847 год
300##$aДело
801#0$aRU
$bРГИА
$c20170628
$gRCR
801#1$aRU
$bГлавНИВЦ
$c20170628
$2rusmarc
801#2$aRU
$bПБ им. Б.Н. Ельцина
$c20181228
$gRCR
$2rusmarc
850##$aРГИА
852##$aРГИА
$eФедеральное казенное учреждение "Российский государственный исторический архив" (РГИА)
$j11441
937##$hРГИА
$d12246777
$aASBIBLIO_SCAN
462#0$1001dd3991dc-24e1-42ec-8838-ca4255420416
$12001
$a1746-1850 гг.
$1251
$cОпись
$1852
$j1
461#0$10019264ebf8-de62-4f1a-9eb4-9f22098dbbd5
$12001
$aДирекция императорских театров МИДв
$1251
$cФонд
$1852
$j497
215##$a97 л.
$d36,5х26 см
371##$aДокумент не является опубликованным и широко распространяемым
105##$ay###
1222#$ad
035##$a127a8e69-565f-4256-a53b-d2b9d50d067a
856##$uhttp://readingroom.main.prlib.ru/item.aspx?id_node=n122587472&mode=full
Формат отображения